000 01585nam0a2200361 4500
001 RU\NLR\BIBL_A\011474378
005 20180823154829.0
010 _a978-5-389-13326-6
_94000
021 _aRU
_bКН-П-18-053336
_9КН-П-18-3844
035 _a(NLR Aleph) 011474378
035 _a(RuMoRGB)009693864
035 _a(RuMoRGB)009370006
090 _a11870877
_c11870877
100 _a20170918d2017 c y0rusy50 ca
101 1 _arus
_cger
102 _aRU
105 _aa z 000fy
200 1 _aСказки на ночь
_eсказки для малышей
_e[для дошкольного возраста
_eперевод с немецкого]
_fКарол Рот
_gхудожник Валерий Горбачёв
210 _aМосква [и др.]
_cМахаон [и др.]
_d2017
215 _a77, [2] с.
_cцв. ил.
_d27
225 1 _aСерия "Чудесные книжки для малышей"
327 1 _aСодерж.: Винни не хочет спать дома; Винни и волки; Ленни ищет маму
333 _a0+
686 _aШ9(2)70(4Г)
_2rubbk
686 0 _aШ9(4Г)60-4
700 1 _7ca
_8rus
_aРот
_bК.
_gКарол
_9179502
_3RU\NLR\AUTH\770179553
702 1 _4440
_aГорбачёв
_bВ. Г.
_cхудожник-иллюстратор, писатель
_gВалерий Григорьевич
_9167540
_3RU\NLR\AUTH\770167587
942 _cBOOK
980 _aNB